00610nam a2200193Ia 4500008004100000020001500041041001200056082001100068100001500079245007500094250000800169260002500177300000800202650000700210700001900217942000700236999001500243952015800258221030s9999 xx 000 0 und d a007061105X aEnglish a105.23 aW. H. Hayt 0aEngineering Circuit Analysis (with CD)cby W. H. Hayt, J. E. Kemmerly a6th bTMHaNew Delhic2007 a781 aEE aJ. E. Kemmerly cBK c5583d5583 pBE 9294g399.00l0o105.23 r2024-06-13 00:00:00w2022-10-30yBK003Print4071aMIETLIBbMIETLIBcBL-Second, FL-1, CUP-24, SH-4, R-4d2008-03-1010HBE